000 00898nas a2200301 4500
001 BR0800956
003 BR-BrBNA
005 20231205111546.0
007 ta
008 230509b bl.|||p| |||| 00| 00por d
040 _aBR-BrBNA
_bpor
_cBiblioteca Nacional de Agricultura
041 _a(Pt)
072 _aL70
100 1 _aEurides, D.
100 1 _aDaleck, C.R.
100 1 _aSilva, M.
100 1 _aSilva, L.A.F. da
100 1 _aGonçalves, G.F.
100 1 _aPrieto, L.A.
100 1 _aBorrezzi, C.
245 1 _aUtilização da cápsula esplênica de bovino na ceratoplastia lamelar em coelhos
650 _aBOVINO
650 _aCOELHO
650 _aCIRURGIA
773 0 _tArquivos de Ciências Veterinárias e Zoologia da UNIPAR (Brazil)
_xISSN 1415-8167
_g(Jul-Dec 2006), v. 9(2) p. 117-121
_wBR0800956
909 _a202311
_bLúcia
_c55
_dLúcia Elande
942 _2AGRIS
_n0
_cANA
999 _c193312
_d193312